|
|
|
|
| LEADER |
00000nam0a2200000 4500 |
| 001 |
107371 |
| 005 |
20231101214727.0 |
| 035 |
|
|
|a (RuTPU)RU\TPU\book\115929
|
| 090 |
|
|
|a 107371
|
| 100 |
|
|
|a 20061221d1960 k y0rusy50 ca
|
| 101 |
0 |
|
|a rus
|
| 102 |
|
|
|a RU
|
| 105 |
|
|
|a a z 001zy
|
| 200 |
1 |
|
|a Аналитическая химия таллия
|f И. М. Коренман
|
| 210 |
|
|
|a Москва
|c Изд-во АН СССР
|d 1960
|
| 215 |
|
|
|a 172 с.
|c ил.
|
| 225 |
1 |
|
|a Аналитическая химия элементов
|
| 320 |
|
|
|a Библиогр.: с. 142-168.
|
| 606 |
1 |
|
|a Таллий
|x Химический анализ
|2 stltpush
|3 (RuTPU)RU\TPU\subj\58527
|9 76310
|
| 610 |
1 |
|
|a аналитическая химия
|
| 610 |
1 |
|
|a реакции
|
| 610 |
1 |
|
|a катионы
|
| 675 |
|
|
|a 546.683
|v 3
|
| 700 |
|
1 |
|a Коренман
|b И. М.
|g Израиль Миронович
|
| 801 |
|
1 |
|a RU
|b 63413507
|c 20061221
|g PSBO
|
| 801 |
|
2 |
|a RU
|b 63413507
|c 20170920
|g PSBO
|
| 942 |
|
|
|c BK
|